Recopilación de leyes por orden numérico

Na minha lista:
Detalhes bibliográficos
Autor Corporativo: Ministerio del Interior (Author)
Formato: Livro
Idioma:espanhol
Publicado em: Santiago Imprenta Nacional 1928
Assuntos:
Tags: Adicionar Tag
Sem tags, seja o primeiro a adicionar uma tag!

MARC

LEADER 00000nam a2200000 a 4500
001 UCR1603
003 CL-VaPUC
008 971219e19280000CL |||||||||||||||||spa|d
082 0 4 |a 348.022  |b MIN  |2 21 
110 2 |a Ministerio del Interior  |e author  |9 398907 
245 1 0 |a Recopilación de leyes por orden numérico 
300 |a t 
942 |c BK 
945 |d 19971219 00:00:00  |a lriquelm 
260 |a Santiago  |b Imprenta Nacional  |c 1928 
500 |a Contiene las leyes N§ 4.060 a la N§ 4.237 
500 |a Donación profesor Fernando Recio Olguín 
650 7 |a LEGISLACION  |2 CL-VaPUC  |9 398908 
650 0 |a Leyes  |9 256670 
650 7 |a FUENTES  |2 CL-VaPUC  |9 255666 
650 7 |a DERECHO CHILENO  |2 CL-VaPUC  |9 398909 
651 7 |a CHILE  |2 CL-VaPUC  |9 398910 
583 |a last modification  |c 19971219 00:00:00  |k Rodrigo Vera 
999 |c 265004  |d 265002 
952 |0 0  |1 0  |4 0  |6 348_022000000000000_MIN_1928  |7 0  |8 F  |9 295750  |a BIBDER  |b BIBDER  |d 2019-11-20  |h t.14  |i 1911007  |o 348.022 MIN 1928  |p 1911007  |r 2023-01-25  |w 2019-11-20  |y BK_F  |k DER 
952 |0 0  |1 0  |4 0  |6 348_022000000000000_MIN_1928  |7 0  |8 X  |9 295752  |a BIBHIS  |b BIBHIS  |d 2019-11-20  |h t.14  |i 2129574  |o 348.022 MIN 1928  |p 2129574  |r 2024-01-30  |w 2019-11-20  |y BK_X  |k HIS